Leaders by Continent-South America - Statistics

General Stats
  • This quiz has been taken 10 times
  • The average score is 4 of 12
Answer Stats
country inauguration most recent election next election position leader % Correct
Bolivia January 22, 2006 October 12, 2014 October 2019 President Evo Morales
71%
Argentina December 10, 2015 November 22, 2015 October 27, 2019 President Mauricio Macri
57%
Brazil August 31, 2016* October 28, 2018 2022 President Michel Temer
57%
Venezuela April 19, 2013*** May 20, 2018 2024 President Nicolas Maduro
57%
Chile March 11, 2018 December 17, 2017 2021 President Sebastian Pinera
43%
Peru March 23, 2018** April 10, 2016 2021 President Martin Vizcarra
29%
Uruguay March 1, 2015 November 30, 2014 October 2019 President Tabare Vasquez
29%
Guyana May 16, 2015 May 11, 2015 2020 President David Granger
14%
Suriname August 10, 2010 May 25, 2015 2020 President Desi Bouterse
14%
Colombia August 7, 2018 June 17, 2018 2022 President Ivan Marquez
14%
Ecuador May 24, 2017 April 2, 2017 2021 President Lenin Moreno
14%
Paraguay August 15, 2018 April 22, 2018 2023 President Mario Benitez
14%
No matching quizzes found
Score Distribution
Percent of People with Each Score
Percentile by Number Answered
Your Score History
You have not taken this quiz